[Event "Irena Warakomska Memorial A"]
[Site "Suwalki"]
[Date "2021.07.30"]
[Round "5"]
[White "Kacprzak, Kacper"]
[Black "Nowak, Mikolaj"]
[Result "1/2-1/2"]
[Board "15"]
[WhiteElo "2075"]
[WhiteCountry "POL"]
[WhiteFideId "21819319"]
[WhiteEloChange "6"]
[BlackElo "2310"]
[BlackCountry "POL"]
[BlackFideId "1191365"]
[BlackEloChange "-6"]

1. e4 {[%clk 1:30:54]} Nc6 {[%clk 1:30:53]} 2. Nf3 {[%clk 1:30:38]} d6 {[%clk
1:31:16]} 3. d4 {[%clk 1:29:42]} Nf6 {[%clk 1:31:39]} 4. c3 {[%clk 1:30:05]} g6
{[%clk 1:30:34]} 5. Bb5 {[%clk 1:25:39]} a6 {[%clk 1:30:06]} 6. Ba4 {[%clk
1:24:45]} b5 {[%clk 1:26:31]} 7. Bc2 {[%clk 1:24:22]} Bg7 {[%clk 1:25:52]} 8. O-O
{[%clk 1:23:51]} O-O {[%clk 1:25:32]} 9. h3 {[%clk 1:21:11]} e5 {[%clk 1:24:47]}
10. d5 {[%clk 1:17:58]} Ne7 {[%clk 1:24:24]} 11. a4 {[%clk 1:09:47]} Bb7 {[%clk
1:22:27]} 12. Qe2 {[%clk 1:03:24]} c6 {[%clk 1:21:01]} 13. dxc6 {[%clk 1:03:37]}
Bxc6 {[%clk 1:20:38]} 14. Rd1 {[%clk 1:03:13]} Qc7 {[%clk 1:18:15]} 15. axb5
{[%clk 0:50:14]} axb5 {[%clk 1:17:55]} 16. Rxa8 {[%clk 0:50:01]} Rxa8 {[%clk
1:17:56]} 17. Bg5 {[%clk 0:36:42]} Nc8 {[%clk 1:00:51]} 18. Bxf6 {[%clk 0:33:38]}
Bxf6 {[%clk 1:01:14]} 19. Bb3 {[%clk 0:34:03]} Ra1 {[%clk 0:55:13]} 20. Na3
{[%clk 0:28:31]} Rxd1+ {[%clk 0:55:11]} 21. Bxd1 {[%clk 0:28:57]} Qb7 {[%clk
0:52:44]} 22. Bc2 {[%clk 0:28:54]} Bd8 {[%clk 0:48:18]} 23. Bd3 {[%clk 0:26:17]}
Na7 {[%clk 0:45:54]} 24. Nc2 {[%clk 0:25:02]} f5 {[%clk 0:42:53]} 25. Nd2 {[%clk
0:23:29]} fxe4 {[%clk 0:41:08]} 26. Bxe4 {[%clk 0:17:38]} d5 {[%clk 0:35:37]} 27.
Bf3 {[%clk 0:18:02]} e4 {[%clk 0:34:12]} 28. Bg4 {[%clk 0:18:28]} Bb6 {[%clk
0:31:25]} 29. Nb3 {[%clk 0:18:04]} Be8 {[%clk 0:21:52]} 30. Nbd4 {[%clk 0:16:50]}
Bf7 {[%clk 0:19:17]} 31. Qd2 {[%clk 0:14:37]} Nc6 {[%clk 0:17:20]} 32. Nxc6
{[%clk 0:13:55]} Qxc6 {[%clk 0:17:44]} 33. Nd4 {[%clk 0:14:21]} Qb7 {[%clk
0:15:43]} 34. Be6 {[%clk 0:10:46]} b4 {[%clk 0:12:31]} 35. Bxf7+ {[%clk 0:11:06]}
Qxf7 {[%clk 0:12:21]} 36. Qg5 {[%clk 0:09:37]} bxc3 {[%clk 0:11:42]} 37. bxc3
{[%clk 0:10:02]} Ba5 {[%clk 0:08:41]} 38. Nc6 {[%clk 0:38:15]} Bb6 {[%clk
0:38:17]} 39. Nd4 {[%clk 0:35:43]} Bc7 {[%clk 0:31:51]} 40. g3 {[%clk 0:20:32]}
Bb6 {[%clk 0:29:04]} 41. Qe5 {[%clk 0:20:17]} Bxd4 {[%clk 0:28:59]} 42. cxd4
{[%clk 0:20:26]} 1/2-1/2

[Event "Irena Warakomska Memorial A"]
[Site "Suwalki"]
[Date "2021.07.30"]
[Round "5"]
[White "Poltorak, Sebastian"]
[Black "Kucza, Karol"]
[Result "1-0"]
[Board "16"]
[WhiteElo "2233"]
[WhiteCountry "POL"]
[WhiteFideId "1199498"]
[WhiteEloChange "13"]
[BlackElo "2337"]
[BlackTitle "FM"]
[BlackCountry "POL"]
[BlackFideId "1159755"]
[BlackEloChange "-13"]

1. e4 {[%clk 1:30:30]} e6 {[%clk 1:29:56]} 2. d4 {[%clk 1:31:19]} d5 {[%clk
1:30:21]} 3. Bd3 {[%clk 1:31:44]} dxe4 {[%clk 1:22:51]} 4. Bxe4 {[%clk 1:32:09]}
Nf6 {[%clk 1:23:15]} 5. Bf3 {[%clk 1:32:22]} c5 {[%clk 1:08:10]} 6. Ne2 {[%clk
1:32:19]} Qb6 {[%clk 1:08:27]} 7. Be3 {[%clk 1:12:25]} Bd7 {[%clk 1:07:39]} 8.
Nbc3 {[%clk 1:07:19]} Bc6 {[%clk 1:04:53]} 9. Bxc6+ {[%clk 1:01:30]} Nxc6 {[%clk
1:05:05]} 10. Qd3 {[%clk 0:37:25]} Rd8 {[%clk 1:01:42]} 11. O-O-O {[%clk
0:37:44]} Ng4 {[%clk 0:52:07]} 12. Qe4 {[%clk 0:33:47]} Nxe3 {[%clk 0:52:23]} 13.
fxe3 {[%clk 0:34:07]} cxd4 {[%clk 0:40:36]} 14. exd4 {[%clk 0:34:23]} Qb4 {[%clk
0:40:49]} 15. a3 {[%clk 0:19:16]} Qc4 {[%clk 0:41:03]} 16. Qd3 {[%clk 0:19:26]}
Qxd3 {[%clk 0:41:08]} 17. Rxd3 {[%clk 0:19:52]} Bd6 {[%clk 0:38:54]} 18. Ne4
{[%clk 0:19:53]} O-O {[%clk 0:38:43]} 19. Nxd6 {[%clk 0:18:57]} Rxd6 {[%clk
0:39:06]} 20. Rhd1 {[%clk 0:19:07]} Rfd8 {[%clk 0:39:12]} 21. b3 {[%clk 0:18:21]}
f5 {[%clk 0:38:23]} 22. c4 {[%clk 0:17:28]} Kf7 {[%clk 0:38:17]} 23. Kc2 {[%clk
0:16:02]} Kf6 {[%clk 0:37:45]} 24. Kc3 {[%clk 0:15:43]} g5 {[%clk 0:37:21]} 25.
Rh3 {[%clk 0:12:32]} Kg6 {[%clk 0:37:44]} 26. Rhd3 {[%clk 0:12:48]} f4 {[%clk
0:36:32]} 27. g3 {[%clk 0:04:39]} e5 {[%clk 0:36:57]} 28. gxf4 {[%clk 0:04:30]}
exf4 {[%clk 0:37:11]} 29. Rg1 {[%clk 0:04:43]} Kf5 {[%clk 0:36:47]} 30. d5 {[%clk
0:04:01]} Ne5 {[%clk 0:34:33]} 31. Rh3 {[%clk 0:04:25]} h6 {[%clk 0:33:18]} 32.
Nd4+ {[%clk 0:04:02]} Kg6 {[%clk 0:33:33]} 33. Ne6 {[%clk 0:03:28]} Rxe6 {[%clk
0:33:56]} 34. dxe6 {[%clk 0:03:55]} Re8 {[%clk 0:33:46]} 35. Kd4 {[%clk 0:03:27]}
Rxe6 {[%clk 0:34:08]} 36. Kd5 {[%clk 0:02:07]} Kf5 {[%clk 0:34:05]} 37. Re1
{[%clk 0:01:57]} Re8 {[%clk 0:32:36]} 38. Rxh6 {[%clk 0:02:20]} Rd8+ {[%clk
0:30:48]} 39. Rd6 {[%clk 0:02:45]} Rxd6+ {[%clk 0:31:14]} 40. Kxd6 {[%clk
0:33:11]} Nf3 {[%clk 1:01:40]} 41. Re7 {[%clk 0:25:19]} b6 {[%clk 0:59:24]} 42.
b4 {[%clk 0:24:39]} Nd4 {[%clk 0:57:54]} 43. Kd5 {[%clk 0:22:19]} Kf6 {[%clk
0:57:53]} 44. Re8 {[%clk 0:20:45]} Kf7 {[%clk 0:57:25]} 45. Re5 {[%clk 0:20:08]}
Nf3 {[%clk 0:57:44]} 46. Re2 {[%clk 0:20:28]} Ng1 {[%clk 0:56:48]} 47. Rg2 {[%clk
0:20:29]} Nh3 {[%clk 0:57:05]} 48. Ke4 {[%clk 0:20:36]} Ke6 {[%clk 0:57:21]} 49.
c5 {[%clk 0:20:29]} bxc5 {[%clk 0:57:46]} 50. bxc5 {[%clk 0:20:55]} Kd7 {[%clk
0:58:11]} 51. Kf3 {[%clk 0:20:52]} Kc6 {[%clk 0:58:36]} 52. Rg4 {[%clk 0:21:00]}
1-0

[Event "Irena Warakomska Memorial A"]
[Site "Suwalki"]
[Date "2021.07.30"]
[Round "5"]
[White "Antolak, Julia"]
[Black "Indriunas, Matas"]
[Result "1/2-1/2"]
[Board "17"]
[WhiteElo "2309"]
[WhiteTitle "WIM"]
[WhiteCountry "POL"]
[WhiteFideId "1159569"]
[WhiteEloChange "-3"]
[BlackElo "2210"]
[BlackCountry "LTU"]
[BlackFideId "12812897"]
[BlackEloChange "3"]

1. e4 {[%clk 1:30:55]} c5 {[%clk 1:30:51]} 2. Nf3 {[%clk 1:31:20]} d6 {[%clk
1:31:11]} 3. d4 {[%clk 1:31:29]} cxd4 {[%clk 1:31:34]} 4. Nxd4 {[%clk 1:31:55]}
Nf6 {[%clk 1:31:59]} 5. Nc3 {[%clk 1:32:19]} g6 {[%clk 1:32:20]} 6. Be2 {[%clk
1:30:16]} Bg7 {[%clk 1:31:05]} 7. Be3 {[%clk 1:30:38]} O-O {[%clk 1:29:57]} 8.
Qd2 {[%clk 1:30:50]} Nc6 {[%clk 1:28:27]} 9. Nb3 {[%clk 1:13:13]} Be6 {[%clk
1:26:13]} 10. f4 {[%clk 1:07:46]} Bg4 {[%clk 1:15:51]} 11. Rd1 {[%clk 1:02:24]}
Qc8 {[%clk 1:10:51]} 12. h3 {[%clk 0:59:20]} Bxe2 {[%clk 1:10:27]} 13. Qxe2
{[%clk 0:59:46]} Qe6 {[%clk 1:07:23]} 14. Nd4 {[%clk 0:53:53]} Nxd4 {[%clk
1:06:35]} 15. Bxd4 {[%clk 0:53:56]} b5 {[%clk 0:47:25]} 16. Nxb5 {[%clk 0:44:05]}
Qxe4 {[%clk 0:47:28]} 17. Bxf6 {[%clk 0:38:56]} Qxe2+ {[%clk 0:47:14]} 18. Kxe2
{[%clk 0:39:23]} Bxf6 {[%clk 0:47:27]} 19. b3 {[%clk 0:39:43]} Rfc8 {[%clk
0:46:26]} 20. c4 {[%clk 0:39:20]} Rc5 {[%clk 0:38:29]} 21. Rd3 {[%clk 0:37:49]}
a6 {[%clk 0:36:14]} 22. Nc3 {[%clk 0:36:48]} Bxc3 {[%clk 0:34:58]} 23. Rxc3
{[%clk 0:37:14]} Ra5 {[%clk 0:33:23]} 24. a4 {[%clk 0:33:42]} Rb8 {[%clk
0:24:40]} 25. Rd1 {[%clk 0:30:48]} Kg7 {[%clk 0:21:04]} 26. Rdd3 {[%clk 0:28:47]}
Kf6 {[%clk 0:21:00]} 27. Rf3 {[%clk 0:27:14]} Rc5 {[%clk 0:19:26]} 28. Rcd3
{[%clk 0:25:31]} h5 {[%clk 0:19:10]} 29. h4 {[%clk 0:24:50]} a5 {[%clk 0:17:38]}
30. Rfe3 {[%clk 0:23:45]} Rb7 {[%clk 0:17:37]} 31. Rd4 {[%clk 0:19:11]} Rb6
{[%clk 0:15:10]} 32. Red3 {[%clk 0:18:29]} Kf5 {[%clk 0:13:33]} 33. Rf3 {[%clk
0:13:46]} 1/2-1/2

[Event "Irena Warakomska Memorial A"]
[Site "Suwalki"]
[Date "2021.07.30"]
[Round "5"]
[White "Sowul, Bartosz"]
[Black "Sliwicka, Alicja"]
[Result "1/2-1/2"]
[Board "18"]
[WhiteElo "2186"]
[WhiteCountry "POL"]
[WhiteFideId "1137590"]
[WhiteEloChange "3"]
[BlackElo "2308"]
[BlackTitle "WIM"]
[BlackCountry "POL"]
[BlackFideId "1150677"]
[BlackEloChange "-3"]

1. d4 {[%clk 1:30:57]} Nf6 {[%clk 1:30:29]} 2. c4 {[%clk 1:31:20]} d6 {[%clk
1:30:52]} 3. Nf3 {[%clk 1:31:38]} Nbd7 {[%clk 1:31:15]} 4. Nc3 {[%clk 1:31:37]}
e5 {[%clk 1:31:38]} 5. g3 {[%clk 1:31:13]} Be7 {[%clk 1:31:58]} 6. Bg2 {[%clk
1:31:17]} O-O {[%clk 1:32:19]} 7. O-O {[%clk 1:31:15]} c6 {[%clk 1:32:45]} 8. e4
{[%clk 1:30:42]} a6 {[%clk 1:33:06]} 9. a4 {[%clk 1:30:48]} a5 {[%clk 1:33:29]}
10. h3 {[%clk 1:30:21]} Re8 {[%clk 1:33:18]} 11. Be3 {[%clk 1:28:57]} exd4 {[%clk
1:27:03]} 12. Nxd4 {[%clk 1:27:19]} Nc5 {[%clk 1:21:10]} 13. Qc2 {[%clk 1:26:14]}
Bf8 {[%clk 1:15:49]} 14. Rfe1 {[%clk 1:18:58]} Qb6 {[%clk 1:10:24]} 15. Rad1
{[%clk 1:15:30]} Bd7 {[%clk 1:01:37]} 16. f4 {[%clk 0:52:53]} Rad8 {[%clk
0:53:56]} 17. Bf2 {[%clk 1:05:36]} Bc8 {[%clk 0:53:23]} 18. Kh2 {[%clk 0:55:12]}
Nfd7 {[%clk 0:51:41]} 19. g4 {[%clk 0:47:32]} Nb8 {[%clk 0:41:11]} 20. Rd2 {[%clk
0:39:09]} Nba6 {[%clk 0:30:35]} 21. Qd1 {[%clk 0:30:49]} Qc7 {[%clk 0:37:14]} 22.
Qf3 {[%clk 0:36:45]} f6 {[%clk 0:36:30]} 23. Bg3 {[%clk 0:33:02]} Qf7 {[%clk
0:36:35]} 24. b3 {[%clk 0:31:31]} Nb4 {[%clk 0:36:28]} 25. f5 {[%clk 0:25:13]} b6
{[%clk 0:33:44]} 26. Red1 {[%clk 0:21:13]} Bb7 {[%clk 0:33:21]} 27. Qf2 {[%clk
0:15:42]} Rd7 {[%clk 0:23:43]} 28. Ne6 {[%clk 0:11:54]} Nxe6 {[%clk 0:22:09]} 29.
fxe6 {[%clk 0:12:18]} Qxe6 {[%clk 0:21:35]} 30. Qxb6 {[%clk 0:11:49]} c5 {[%clk
0:18:21]} 31. Nb5 {[%clk 0:03:56]} Rc8 {[%clk 0:15:37]} 32. Qxa5 {[%clk 0:03:16]}
Rcd8 {[%clk 0:02:36]} 33. Qb6 {[%clk 0:00:51]} Bc6 {[%clk 0:02:36]} 34. Nd4
{[%clk 0:01:15]} cxd4 {[%clk 0:02:25]} 35. Qxb4 {[%clk 0:01:05]} Rb7 {[%clk
0:00:59]} 36. Qa5 {[%clk 0:01:01]} Re8 {[%clk 0:00:44]} 37. Rd3 {[%clk 0:00:32]}
Qf7 {[%clk 0:00:24]} 38. b4 {[%clk 0:00:08]} Bxe4 {[%clk 0:00:39]} 39. Rxd4
{[%clk 0:00:41]} Bxg2 {[%clk 0:00:56]} 40. Kxg2 {[%clk 0:31:07]} Re2+ {[%clk
0:30:41]} 41. Kf1 {[%clk 0:23:05]} Rc2 {[%clk 0:23:15]} 42. Bxd6 {[%clk 0:11:12]}
Bxd6 {[%clk 0:22:53]} 43. Rxd6 {[%clk 0:11:07]} Qxc4+ {[%clk 0:23:13]} 44. Kg1
{[%clk 0:11:32]} Rg2+ {[%clk 0:23:14]} 45. Kxg2 {[%clk 0:09:48]} Qe2+ {[%clk
0:23:38]} 46. Kg1 {[%clk 0:09:57]} 1/2-1/2

[Event "Irena Warakomska Memorial A"]
[Site "Suwalki"]
[Date "2021.07.30"]
[Round "5"]
[White "Dzhuguryan, Tygran"]
[Black "Schippers, Maurice"]
[Result "1/2-1/2"]
[Board "19"]
[WhiteElo "2176"]
[WhiteCountry "POL"]
[WhiteFideId "21872988"]
[WhiteEloChange "3"]
[BlackElo "2292"]
[BlackTitle "FM"]
[BlackCountry "NED"]
[BlackFideId "1004735"]
[BlackEloChange "-3"]

1. d4 {[%clk 1:30:30]} d6 {[%clk 1:30:45]} 2. c4 {[%clk 1:31:17]} g6 {[%clk
1:30:25]} 3. e4 {[%clk 1:31:40]} Bg7 {[%clk 1:30:11]} 4. Ne2 {[%clk 1:31:39]} e5
{[%clk 1:29:38]} 5. d5 {[%clk 1:31:59]} Ne7 {[%clk 1:22:20]} 6. Be3 {[%clk
1:32:08]} f5 {[%clk 1:22:39]} 7. f3 {[%clk 1:32:31]} Nd7 {[%clk 1:22:25]} 8. Nd2
{[%clk 1:32:22]} Nf6 {[%clk 1:21:18]} 9. h3 {[%clk 1:32:34]} Nh5 {[%clk 1:16:12]}
10. Qa4+ {[%clk 1:32:40]} Bd7 {[%clk 1:15:07]} 11. Qb3 {[%clk 1:33:07]} b6 {[%clk
1:04:47]} 12. g4 {[%clk 1:33:31]} Nf4 {[%clk 1:00:30]} 13. Nxf4 {[%clk 1:33:53]}
exf4 {[%clk 1:00:56]} 14. Bxf4 {[%clk 1:34:21]} fxe4 {[%clk 0:56:38]} 15. Nxe4
{[%clk 1:34:02]} O-O {[%clk 0:56:30]} 16. Bd2 {[%clk 1:34:16]} 1/2-1/2

[Event "Irena Warakomska Memorial A"]
[Site "Suwalki"]
[Date "2021.07.30"]
[Round "5"]
[White "Krzywda, Andrzej"]
[Black "Paszewski, Mateusz"]
[Result "1/2-1/2"]
[Board "20"]
[WhiteElo "2105"]
[WhiteTitle "CM"]
[WhiteCountry "POL"]
[WhiteFideId "1114565"]
[WhiteEloChange "5"]
[BlackElo "2280"]
[BlackTitle "FM"]
[BlackCountry "POL"]
[BlackFideId "1141058"]
[BlackEloChange "-5"]

1. e4 {[%clk 1:30:58]} c6 {[%clk 1:30:37]} 2. d4 {[%clk 1:31:03]} d5 {[%clk
1:31:03]} 3. exd5 {[%clk 1:31:00]} cxd5 {[%clk 1:31:30]} 4. Bd3 {[%clk 1:31:25]}
Nc6 {[%clk 1:31:55]} 5. c3 {[%clk 1:31:51]} g6 {[%clk 1:32:22]} 6. Nf3 {[%clk
1:31:53]} Bf5 {[%clk 1:31:16]} 7. Bxf5 {[%clk 1:31:46]} gxf5 {[%clk 1:31:44]} 8.
Bg5 {[%clk 1:30:23]} Qc7 {[%clk 1:18:27]} 9. O-O {[%clk 1:28:08]} e6 {[%clk
1:09:17]} 10. c4 {[%clk 1:22:14]} Nge7 {[%clk 1:07:07]} 11. Nc3 {[%clk 1:16:44]}
dxc4 {[%clk 0:59:37]} 12. Qe2 {[%clk 1:03:13]} O-O-O {[%clk 0:29:32]} 13. Nb5
{[%clk 0:50:44]} Qb6 {[%clk 0:24:59]} 14. Qxc4 {[%clk 0:50:37]} Rg8 {[%clk
0:20:24]} 15. Rfd1 {[%clk 0:43:43]} a6 {[%clk 0:16:26]} 16. Nc3 {[%clk 0:37:08]}
Qb4 {[%clk 0:14:37]} 17. Qe2 {[%clk 0:31:15]} Nxd4 {[%clk 0:07:29]} 18. Nxd4
{[%clk 0:21:17]} Rxd4 {[%clk 0:07:53]} 19. Rxd4 {[%clk 0:16:09]} Qxd4 {[%clk
0:08:21]} 20. Rd1 {[%clk 0:13:17]} Qg4 {[%clk 0:06:55]} 21. Qd3 {[%clk 0:12:41]}
Bh6 {[%clk 0:06:00]} 22. Qd7+ {[%clk 0:06:39]} Kb8 {[%clk 0:06:29]} 23. Qxe7
{[%clk 0:04:58]} Qxg5 {[%clk 0:05:29]} 24. Qd6+ {[%clk 0:05:27]} Ka8 {[%clk
0:05:40]} 25. g3 {[%clk 0:05:50]} f4 {[%clk 0:03:05]} 26. Ne4 {[%clk 0:04:43]}
Qb5 {[%clk 0:02:58]} 27. Nf6 {[%clk 0:03:55]} Rh8 {[%clk 0:01:46]} 28. Nd7 {[%clk
0:03:45]} fxg3 {[%clk 0:01:49]} 29. hxg3 {[%clk 0:03:40]} Bg7 {[%clk 0:01:42]}
30. Rc1 {[%clk 0:02:18]} h5 {[%clk 0:00:46]} 31. a4 {[%clk 0:01:02]} Qxb2 {[%clk
0:01:02]} 32. Nb6+ {[%clk 0:00:40]} Ka7 {[%clk 0:01:31]} 33. Nc8+ {[%clk
0:00:35]} Ka8 {[%clk 0:01:59]} 34. Nb6+ {[%clk 0:00:39]} Ka7 {[%clk 0:02:29]} 35.
Nc8+ {[%clk 0:00:53]} Ka8 {[%clk 0:02:55]} 36. Nb6+ {[%clk 0:01:04]} 1/2-1/2

[Event "Irena Warakomska Memorial A"]
[Site "Suwalki"]
[Date "2021.07.30"]
[Round "5"]
[White "Chyzy, Jakub"]
[Black "Backiel, Hubert"]
[Result "1/2-1/2"]
[Board "21"]
[WhiteElo "2257"]
[WhiteTitle "FM"]
[WhiteCountry "POL"]
[WhiteFideId "21806209"]
[WhiteEloChange "-7"]
[BlackElo "1955"]
[BlackCountry "POL"]
[BlackFideId "21838631"]
[BlackEloChange "7"]

1. e4 {[%clk 1:30:23]} c5 {[%clk 1:30:54]} 2. Nc3 {[%clk 1:30:13]} e6 {[%clk
1:28:16]} 3. Nf3 {[%clk 1:30:37]} d6 {[%clk 1:27:59]} 4. d4 {[%clk 1:30:55]} cxd4
{[%clk 1:28:24]} 5. Nxd4 {[%clk 1:31:19]} Nf6 {[%clk 1:28:50]} 6. Bd3 {[%clk
1:31:45]} Nc6 {[%clk 1:28:12]} 7. Nb3 {[%clk 1:21:24]} Be7 {[%clk 1:23:57]} 8.
O-O {[%clk 1:21:46]} O-O {[%clk 1:23:09]} 9. f4 {[%clk 1:22:10]} a6 {[%clk
1:18:04]} 10. Kh1 {[%clk 1:20:02]} b5 {[%clk 1:11:34]} 11. Qf3 {[%clk 1:20:11]}
Qc7 {[%clk 1:01:19]} 12. Bd2 {[%clk 1:17:03]} Bb7 {[%clk 0:57:24]} 13. Rae1
{[%clk 1:15:10]} b4 {[%clk 0:47:24]} 14. Na4 {[%clk 1:12:41]} d5 {[%clk 0:42:12]}
15. exd5 {[%clk 1:06:46]} Na5 {[%clk 0:40:39]} 16. Qh3 {[%clk 0:58:42]} Bxd5
{[%clk 0:37:57]} 17. f5 {[%clk 0:51:28]} Nxb3 {[%clk 0:29:45]} 18. Bf4 {[%clk
0:45:23]} Bd6 {[%clk 0:27:25]} 19. Bxd6 {[%clk 0:40:42]} Qxd6 {[%clk 0:27:45]}
20. fxe6 {[%clk 0:40:11]} fxe6 {[%clk 0:25:13]} 21. axb3 {[%clk 0:40:04]} e5
{[%clk 0:10:32]} 22. c4 {[%clk 0:27:31]} e4 {[%clk 0:09:44]} 23. cxd5 {[%clk
0:17:48]} exd3 {[%clk 0:10:12]} 24. Qxd3 {[%clk 0:17:33]} Qxd5 {[%clk 0:10:26]}
25. Qc4 {[%clk 0:17:20]} Rac8 {[%clk 0:07:07]} 26. Nb6 {[%clk 0:06:36]} Rxc4
{[%clk 0:07:21]} 27. Nxd5 {[%clk 0:07:02]} Rc2 {[%clk 0:07:31]} 28. Nxb4 {[%clk
0:06:14]} Rxb2 {[%clk 0:07:50]} 29. Rb1 {[%clk 0:04:51]} Rxb1 {[%clk 0:05:33]}
30. Rxb1 {[%clk 0:05:19]} Ne4 {[%clk 0:05:25]} 31. Nxa6 {[%clk 0:02:30]} 1/2-1/2

[Event "Irena Warakomska Memorial A"]
[Site "Suwalki"]
[Date "2021.07.30"]
[Round "5"]
[White "Kiolbasa, Oliwia"]
[Black "Jarocka, Liwia"]
[Result "1-0"]
[Board "22"]
[WhiteElo "2255"]
[WhiteTitle "WIM"]
[WhiteCountry "POL"]
[WhiteFideId "1154613"]
[WhiteEloChange "3"]
[BlackElo "1984"]
[BlackTitle "FM"]
[BlackCountry "POL"]
[BlackFideId "21807558"]
[BlackEloChange "-3"]

1. e4 {[%clk 1:26:45]} e5 {[%clk 1:30:51]} 2. Nf3 {[%clk 1:27:03]} Nc6 {[%clk
1:31:13]} 3. Bb5 {[%clk 1:27:24]} a6 {[%clk 1:31:36]} 4. Ba4 {[%clk 1:27:48]} Nf6
{[%clk 1:31:51]} 5. O-O {[%clk 1:27:50]} Be7 {[%clk 1:32:08]} 6. Re1 {[%clk
1:28:09]} b5 {[%clk 1:32:29]} 7. Bb3 {[%clk 1:28:32]} d6 {[%clk 1:32:49]} 8. c3
{[%clk 1:28:53]} O-O {[%clk 1:33:08]} 9. h3 {[%clk 1:29:13]} Na5 {[%clk 1:32:59]}
10. Bc2 {[%clk 1:29:18]} d5 {[%clk 1:33:13]} 11. exd5 {[%clk 1:23:40]} e4 {[%clk
1:33:24]} 12. d6 {[%clk 1:00:36]} cxd6 {[%clk 1:22:24]} 13. Nd4 {[%clk 0:59:28]}
Bb7 {[%clk 1:16:25]} 14. a4 {[%clk 0:57:47]} Nc6 {[%clk 1:16:10]} 15. Nf5 {[%clk
0:49:31]} Qd7 {[%clk 1:10:46]} 16. Nxe7+ {[%clk 0:45:56]} Nxe7 {[%clk 1:11:09]}
17. d3 {[%clk 0:43:11]} exd3 {[%clk 1:10:50]} 18. Bxd3 {[%clk 0:42:51]} Ng6
{[%clk 1:06:54]} 19. Bf1 {[%clk 0:37:59]} Rfe8 {[%clk 1:03:39]} 20. axb5 {[%clk
0:30:19]} Rxe1 {[%clk 0:51:46]} 21. Qxe1 {[%clk 0:30:42]} Re8 {[%clk 0:52:00]}
22. Qd1 {[%clk 0:30:54]} axb5 {[%clk 0:52:20]} 23. Na3 {[%clk 0:31:13]} Re5
{[%clk 0:45:24]} 24. Nc2 {[%clk 0:23:56]} Nd5 {[%clk 0:42:41]} 25. Nd4 {[%clk
0:19:35]} Qe7 {[%clk 0:31:18]} 26. Bd2 {[%clk 0:12:14]} Ndf4 {[%clk 0:26:30]} 27.
g3 {[%clk 0:12:06]} Ne6 {[%clk 0:25:57]} 28. Ra7 {[%clk 0:11:01]} Nd8 {[%clk
0:17:43]} 29. Bg2 {[%clk 0:08:16]} Qd7 {[%clk 0:16:29]} 30. f4 {[%clk 0:05:41]}
Re7 {[%clk 0:12:30]} 31. Qb3 {[%clk 0:05:27]} Qc8 {[%clk 0:12:00]} 32. Qxb5
{[%clk 0:03:52]} h5 {[%clk 0:04:38]} 33. Nf5 {[%clk 0:03:04]} Rd7 {[%clk
0:03:47]} 34. Be3 {[%clk 0:02:57]} Nc6 {[%clk 0:03:39]} 35. Rxb7 {[%clk 0:02:16]}
Rxb7 {[%clk 0:03:16]} 36. Qxc6 {[%clk 0:02:37]} Rc7 {[%clk 0:03:00]} 37. Qa8
{[%clk 0:02:12]} Qxa8 {[%clk 0:03:21]} 38. Bxa8 {[%clk 0:02:37]} Rc8 {[%clk
0:03:45]} 39. Bd5 {[%clk 0:02:46]} Rd8 {[%clk 0:03:55]} 40. b4 {[%clk 0:32:58]}
h4 {[%clk 0:34:17]} 41. gxh4 {[%clk 0:31:58]} Kf8 {[%clk 0:34:42]} 42. b5 {[%clk
0:31:43]} Re8 {[%clk 0:34:48]} 43. Kf2 {[%clk 0:31:39]} 1-0

[Event "Irena Warakomska Memorial A"]
[Site "Suwalki"]
[Date "2021.07.30"]
[Round "5"]
[White "Skurniak, Szymon"]
[Black "Leniart, Arkadiusz"]
[Result "0-1"]
[Board "23"]
[WhiteElo "2143"]
[WhiteCountry "POL"]
[WhiteFideId "21805571"]
[WhiteEloChange "-2"]
[BlackElo "2499"]
[BlackTitle "GM"]
[BlackCountry "POL"]
[BlackFideId "1124226"]
[BlackEloChange "1"]

1. c4 {[%clk 1:30:56]} Nf6 {[%clk 1:30:39]} 2. Nc3 {[%clk 1:31:15]} c5 {[%clk
1:29:36]} 3. g3 {[%clk 1:30:23]} Nc6 {[%clk 1:26:47]} 4. Bg2 {[%clk 1:30:45]} g6
{[%clk 1:26:28]} 5. a3 {[%clk 1:30:42]} Bg7 {[%clk 1:25:22]} 6. Rb1 {[%clk
1:31:00]} a5 {[%clk 1:24:01]} 7. e4 {[%clk 1:26:49]} d6 {[%clk 1:21:47]} 8. Nge2
{[%clk 1:26:58]} h5 {[%clk 1:18:50]} 9. h3 {[%clk 1:26:09]} Nd7 {[%clk 1:08:35]}
10. O-O {[%clk 1:15:56]} h4 {[%clk 0:55:44]} 11. d3 {[%clk 1:05:43]} hxg3 {[%clk
0:55:20]} 12. fxg3 {[%clk 1:02:11]} Nf6 {[%clk 0:49:48]} 13. Nf4 {[%clk 0:47:02]}
Nh5 {[%clk 0:45:35]} 14. Nce2 {[%clk 0:39:17]} Nxf4 {[%clk 0:42:44]} 15. Rxf4
{[%clk 0:28:44]} Bxh3 {[%clk 0:34:44]} 16. Bxh3 {[%clk 0:27:59]} Rxh3 {[%clk
0:35:11]} 17. Rxf7 {[%clk 0:22:24]} Rh7 {[%clk 0:35:04]} 18. Rf1 {[%clk 0:20:11]}
Qd7 {[%clk 0:34:07]} 19. Be3 {[%clk 0:16:46]} O-O-O {[%clk 0:32:41]} 20. Nf4
{[%clk 0:13:06]} g5 {[%clk 0:28:13]} 21. Ng2 {[%clk 0:13:04]} Rdh8 {[%clk
0:25:39]} 22. Kf2 {[%clk 0:09:50]} Rh2 {[%clk 0:25:47]} 23. Qe2 {[%clk 0:09:24]}
Qh3 {[%clk 0:25:26]} 24. Rg1 {[%clk 0:07:47]} Nd4 {[%clk 0:25:36]} 25. Bxd4
{[%clk 0:07:06]} Bxd4+ {[%clk 0:26:00]} 26. Kf3 {[%clk 0:07:31]} Qh5+ {[%clk
0:25:57]} 27. g4 {[%clk 0:08:00]} Rh3# {[%clk 0:26:18]} 0-1